Il papa, il sillabo e l'infallibilitáa papale / (Registro nro. 111928)

Detalles MARC
000 -LEADER
campo de control de longitud fija 00533nam a2200169 4500
001 - NÚMERO DE CONTROL
campo de control 111928
003 - IDENTIFICADOR DE NÚMERO DE CONTROL
campo de control ES-MaACL
005 - FECHA Y HORA DE LA ÚLTIMA TRANSACCIÓN
campo de control 20230906185404.0
007 - CAMPO FIJO DE DESCRIPCIÓN FÍSICA--INFORMACIÓN GENERAL
campo de control de longitud fija t|
008 - DATOS DE LONGITUD FIJA--INFORMACIÓN GENERAL
campo de control de longitud fija 061121s1909 it r ||||1| ita d
100 1# - ENTRADA PRINCIPAL--NOMBRE DE PERSONA
Nombre de persona Newman, Enrico.
9 (RLIN) 85492
245 13 - MENCIÓN DEL TÍTULO
Título Il papa, il sillabo e l'infallibilitáa papale /
Mención de responsabilidad, etc. Card. Enrico Newman; traduzione del Prof. Domenico Battaini.
260 ## - PUBLICACIÓN, DISTRIBUCIÓN, ETC.
Lugar de publicación, distribución, etc. Torino :
Nombre del editor, distribuidor, etc. Vincenzo Bona,
Fecha de publicación, distribución, etc. 1909.
300 ## - DESCRIPCIÓN FÍSICA
Extensión XXXVI, 275 p. ;
Dimensiones 21 x 12 cm.
700 1# - ENTRADA AGREGADA--NOMBRE PERSONAL
Nombre de persona Battaini, Domenico.
9 (RLIN) 26471
852 ## - LOCALIZACIÓN
Ubicación ES-MaACL
Número de control de estantería F-6078
Existencias
Estatus retirado Estado de pérdida Estado de daño No para préstamo Biblioteca de origen Biblioteca actual Ubicación en estantería Fecha de adquisición Fuente de adquisición Total de préstamos Signatura topográfica completa Código de barras Visto por última vez Precio de reemplazo Tipo de ítem Koha
        Biblioteca del Ateneo de Madrid Biblioteca del Ateneo de Madrid Depósito 2 17/01/2008     F-6078 1116756 23/02/2023 23/02/2023 Libro impreso